Bioconversion of forest and agricultural plant residues (Record no. 40471)

MARC details
000 -LEADER
fixed length control field 00441nam a2200169Ia 4500
082 ## - DEWEY DECIMAL CLASSIFICATION NUMBER
Classification number 630*82
Item number SAD
245 #0 - TITLE STATEMENT
Title Bioconversion of forest and agricultural plant residues
260 ## - PUBLICATION, DISTRIBUTION, ETC. (IMPRINT)
Place of publication UK
Year of publication 1993
650 ## - SUBJECT ADDED ENTRY--TOPICAL TERM
Topical Term Agricultural waste analysis
650 ## - SUBJECT ADDED ENTRY--TOPICAL TERM
Topical Term Biomass
650 ## - SUBJECT ADDED ENTRY--TOPICAL TERM
Topical Term Enzyme conversion
650 ## - SUBJECT ADDED ENTRY--TOPICAL TERM
Topical Term Ethanol
650 ## - SUBJECT ADDED ENTRY--TOPICAL TERM
Topical Term Wood hydrolysates
700 ## - ADDED ENTRY--PERSONAL NAME
Personal name Saddler, J N
942 ## - ADDED ENTRY ELEMENTS (KOHA)
Koha item type Books
Holdings
Withdrawn status Lost status Damaged status Not for loan Home library Current library Date acquired Cost, normal purchase price Full call number Accession Number Koha item type
        RRII Library RRII Library 16/12/2021 57.50 630*82 SAD 20770 Books